000 00196 a2200097 4500
001 460
100 _aDurell,CV
245 _aSchool certificate algebra
260 _a
_bG Bell
_c
090 _c78
_d78
942 _aNUST-CAE
_cM
_c34488
999 _c235533
_d235533